[Event "Santa Maria SMXC Cup-A 6th"]
[Site "Santa Maria de Jetiba"]
[Date "2020.05.31"]
[Round "12"]
[White "Prado, Jose Nairo De Almei"]
[Black "Rodrigues, Vinicius Descovi"]
[Result "1-0"]
[WhiteElo "2000"]
[BlackElo "1795"]
[PlyCount "81"]
[EventDate "2019.12.21"]
[EventType "tourn"]
[EventRounds "14"]
[EventCountry "BRA"]
[SourceTitle "EXT 2022"]
[Source "ChessBase"]
[SourceDate "2021.10.06"]
[SourceVersion "1"]
[SourceVersionDate "2021.10.06"]
[SourceQuality "1"]

1. e4 e5 2. f4 Nc6 3. Nf3 Bc5 4. c3 d6 5. Bb5 Nge7 6. d4 exd4 7. cxd4 Bb4+ 8. Bd2 Bxd2+ 9. Nbxd2 a6 10. Ba4 b5 11. Bb3 0-0 12. 0-0 Bb7 13. Qe1 Na5 14. Bc2 c5 15. dxc5 dxc5 16. a4 Qc7 17. e5 Ng6 18. Nh4 b4 19. Nxg6 fxg6 20. Ne4 Qc6 21. Rf2 Rad8 22. Rd1 Rxd1 23. Qxd1 b3 24. Bxb3+ Nxb3 25. Qxb3+ Kh8 26. Nd6 Ba8 27. Nf7+ Rxf7 28. Qxf7 h6 29. e6 Qd5 30. Qd7 Qe4 31. e7 Qe1+ 32. Rf1 Qe3+ 33. Kh1 Bxg2+ 34. Kxg2 Qe2+ 35. Rf2 Qe4+ 36. Kg3 Qe3+ 37. Kg4 Qxf2 38. e8Q+ Kh7 39. Qd3 Qg2+ 40. Qg3 h5+ 41. Kh4 1-0

[Event "Santa Maria SMXC Cup-A 6th"]
[Site "Santa Maria de Jetiba"]
[Date "2020.04.15"]
[Round "9"]
[White "Santos, Leonardo Bortolotti"]
[Black "Prado, Jose Nairo De Almei"]
[Result "1/2-1/2"]
[WhiteElo "2034"]
[BlackElo "2000"]
[PlyCount "127"]
[EventDate "2019.12.21"]
[EventType "tourn"]
[EventRounds "14"]
[EventCountry "BRA"]
[SourceTitle "EXT 2021"]
[Source "ChessBase"]
[SourceDate "2020.10.23"]
[SourceVersion "1"]
[SourceVersionDate "2020.10.23"]
[SourceQuality "1"]

1. d4 d5 2. c4 e6 3. Nc3 Nf6 4. cxd5 exd5 5. Bg5 Nbd7 6. e3 Bb4 7. Qc2 c5 8. Nf3 Qa5 9. Bxf6 Nxf6 10. Nd2 Bxc3 11. Qxc3 Qxc3 12. bxc3 cxd4 13. cxd4 Bd7 14. Rc1 Rc8 15. Rxc8+ Bxc8 16. Be2 Bd7 17. 0-0 Ke7 18. Rb1 b6 19. Ba6 Bc8 20. Bd3 Bd7 21. Ba6 Bc8 22. Bd3 Bd7 23. Rc1 Rc8 24. Rxc8 Bxc8 25. f3 Be6 26. Nb1 h6 27. Nc3 Bd7 28. e4 dxe4 29. fxe4 Bc6 30. Kf2 Nd7 31. Ke3 f6 32. Kf4 Nf8 33. h4 g5+ 34. hxg5 hxg5+ 35. Ke3 a5 36. Bc4 Kd6 37. g3 Ng6 38. e5+ fxe5 39. d5 Be8 40. Ne4+ Ke7 41. d6+ Kd8 42. Nxg5 b5 43. Bd3 Nf8 44. Nf3 e4 45. Kxe4 Bg6+ 46. Ke3 Bxd3 47. Kxd3 Kd7 48. Nd4 b4 49. Nb3 Kxd6 50. Nxa5 Kc5 51. Nb3+ Kd5 52. Nd4 Nd7 53. Nc2 Nc5+ 54. Ke3 b3 55. axb3 Nxb3 56. g4 Ke5 57. Ne1 Nc5 58. Nf3+ Kf6 59. Nd2 Kg5 60. Kf3 Nd7 61. Ne4+ Kg6 62. Kf4 Nb6 63. g5 Nd5+ 64. Ke5 1/2-1/2

[Event "Santa Maria SMXC Cup-A 6th"]
[Site "Santa Maria de Jetiba"]
[Date "2020.02.15"]
[Round "5"]
[White "Rodrigues, Vinicius Descovi"]
[Black "Prado, Jose Nairo De Almei"]
[Result "0-1"]
[WhiteElo "1795"]
[BlackElo "2000"]
[PlyCount "29"]
[EventDate "2019.12.21"]
[EventType "tourn"]
[EventRounds "14"]
[EventCountry "BRA"]
[SourceTitle "EXT 2022"]
[Source "ChessBase"]
[SourceDate "2021.10.06"]
[SourceVersion "1"]
[SourceVersionDate "2021.10.06"]
[SourceQuality "1"]

1. e4 c6 2. d4 d5 3. exd5 cxd5 4. Bd3 Nc6 5. Nf3 Bg4 6. c3 e5 7. dxe5 Qe7 8. Bf4 f6 9. 0-0 fxe5 10. Re1 0-0-0 11. Bxe5 Nxe5 12. Rxe5 Bxf3 13. Bf5+ Kb8 14. Qd4 Qg5 15. Qe3 0-1

[Event "Santa Maria SMXC Cup-A 6th"]
[Site "Santa Maria de Jetiba"]
[Date "2020.01.15"]
[Round "3"]
[White "Oliveira, Natiele Medina"]
[Black "Prado, Jose Nairo De Almei"]
[Result "0-1"]
[WhiteElo "1800"]
[BlackElo "2000"]
[PlyCount "56"]
[EventDate "2019.12.21"]
[EventType "tourn"]
[EventRounds "14"]
[EventCountry "BRA"]
[SourceTitle "EXT 2022"]
[Source "ChessBase"]
[SourceDate "2021.10.06"]
[SourceVersion "1"]
[SourceVersionDate "2021.10.06"]
[SourceQuality "1"]

1. e4 Nc6 2. Nc3 e6 3. d3 Bb4 4. Nge2 d5 5. Be3 d4 6. Bxd4 Nxd4 7. a3 Bxc3+ 8. bxc3 Nxe2 9. Bxe2 Nf6 10. 0-0 0-0 11. c4 b6 12. Bg4 Bb7 13. Re1 e5 14. Qf3 Qd6 15. Bf5 Rad8 16. g4 g6 17. g5 Nh5 18. Bg4 Nf4 19. Rad1 c5 20. Re3 f6 21. Qg3 fxg5 22. h4 gxh4 23. Qxh4 Qf6 24. Qh6 Rf7 25. Rg3 Bc8 26. Bxc8 Ne2+ 27. Kg2 Qxf2+ 28. Kh3 Qxg3# 0-1